Competency based logbook in microbiology for second professional MBBS (Record no. 393631)

MARC details
000 -LEADER
fixed length control field 00605 a2200217 4500
005 - DATE & TIME
control field 20251226152225.0
008 - FIXED-LENGTH DATA ELEMENTS--GENERAL INFORMATION
fixed length control field 251226b |||||||| |||| 00| 0 eng d
020 ## - ISBN
International Standard Book Number 9789390709762
Price Rs. 325.00
040 ## - CATALOGING SOURCE
Original cataloging agency VIVEKANANDA LIBRARY
082 ## - DDC NUMBER
Classification number 616.01
Book Number V59C
100 ## - MAIN ENTRY--PERSONAL NAME
Relator code Verma, Niket
245 ## - TITLE STATEMENT
Title Competency based logbook in microbiology for second professional MBBS
250 ## - EDITION STATEMENT
Edition statement 5th
260 ## - PUBLICATION, DISTRIBUTION, ETC. (IMPRINT)
Name of publisher, distributor, etc CBS Publishers and Distributors
Date of publication, distribution, etc 2025
Place of publication, distribution, etc New Delhi
300 ## - PHYSICAL DESCRIPTION
Pages x, 94
650 ## - Subject
Subject Microbiology
650 ## - Subject
Subject Clinical Microbiology
700 ## - Added Entry Personal Name
Added Entry Personal Name Agrawal, Poonam
700 ## - Added Entry Personal Name
Added Entry Personal Name Maheshwari, Megha
942 ## - ADDED ENTRY ELEMENTS (KOHA)
Koha item type Books
Holdings
Withdrawn status Lost status Source of classification or shelving scheme Damaged status Not for loan Location (home branch) Sublocation or collection (holding branch) Shelving location Date acquired Koha issues (times borrowed) Koha full call number Accession No. Koha date last seen Koha item type
    Dewey Decimal Classification     VIVEKANANDA LIBRARY VIVEKANANDA LIBRARY Vivekananda Library 04/12/2025   616.01 V59C 443560 04/12/2025 Books
    Dewey Decimal Classification     VIVEKANANDA LIBRARY VIVEKANANDA LIBRARY Vivekananda Library 04/12/2025   616.01 V59C 443561 04/12/2025 Books
© Designed and Maintained by Vivekananda Library, MDU Rohtak